000 00830nam a22002897a 4500
003 CHAP
005 20220329140518.0
008 971013s1941 r 00010 d
010 _a53112
011 _a54084
035 _a58234
040 _cCHAP
082 _a330
_bS43 1941
100 0 0 _aSegal, Luis.
_9175435
245 _aPricipios de economía política
250 _a3 ed.
260 _aMéxico, D.F. :
_bFuente Cultural,
_c1941
300 _a423 p.
590 _aBATCH-UPD
_b10
_c20130110
_lUCH01
_h0523
590 _aBATCH-UPD
_b10
_c20130410
_lUCH01
_h0202
590 _aBATCH-UPD
_b10
_c20130914
_lUCH01
_h1231
590 _aCONVERSION
_b10
_c20130109
_lUCH01
_h1329
650 1 4 _aEconomía.
_935226
901 _aBK
942 _cLIBRO
949 _a330 S43 1941
_bBC
_cLIBRO
_d33724000305413
_eLIBRO
_fc.2
_h1418
_i58234
_si
999 _c53112
_d53112